Culture Générale - Série 2678 - Statistiques

Statistiques générales
  • Ce quiz a été pris 119 fois
  • Le résultat moyen est 6 sur 10
Statistiques - réponses
Question Réponse % Correct
À quel pays le Groenland est-il rattaché ? Danemark
87%
Au poker, comment appelle-t-on la réunion de trois cartes de même valeur ? brelan
86%
Quelle chanteuse a fait ses premiers pas d'actrice dans le film "La famille Bélier" ? Louane
86%
De quel pays Tallinn est-elle la capitale ? Estonie
80%
De quel pays l'île de Sumatra fait-elle partie ? Indonésie
73%
Quel pont suspendu franchissant la Seine a donné son nom à un étendoir à linge ? Tancarville
61%
Comment appelait-on la Thaïlande jusu'en 1939 ? Siam
54%
Dans les années 80, de quel pays est originaire le groupe pop a-ha ? Norvège
53%
Comment nomme-t-on le processus d’élection d’un pape ? conclave
25%
Peut désigner : un oiseau migrateur de la famille des scolopacidés - un personnage de bande dessinée créé en 1905 par Joseph Pinchon bécassine
10%
Aucun quiz correspondant
Distribution des résultats
% des personnes avec chaque résultat
Percentile par nombre de réponses
Votre historique - résultats
Vous n’avez pas pris ce quiz